000 00512nam a2200217Ia 4500
003 OSt
005 20250819093157.0
008 210210b2004 xxu||||| |||| 00| 0 eng d
020 _a812191809X
040 _cAL
041 _aeng
082 _a539.7 RAJA
100 _aRajam J B
_9213053
245 _aAtomic physics
260 _aN D
_bS. Chand & Co. Ltd.
_c2004
300 _axvi,1279p.
650 _aNuclear Physics
_9213054
690 _aAtomic Physics
_9213055
906 _a060517
942 _2ddc
_cBK
999 _c107075
_d107075